MARC

LEADER 00000nam0a2200000 4500
001 221005
005 20231101230356.0
010 |a 5211003357 
020 |a RU  |b 89-70707 
035 |a (RuTPU)RU\TPU\book\241147 
090 |a 221005 
100 |a 20120905d1989 k y0rusy5003 ca 
101 0 |a rus 
102 |a RU 
105 |a y z 001zy 
200 1 |a Некорректные задачи на слабых компактах  |f Ю. Л. Гапоненко 
210 |a Москва  |c Изд-во МГУ  |d 1989 
215 |a 126 с. 
320 |a Библиогр.: с. 118-125. 
606 1 |a Дифференциальные уравнения  |x Некорректные задачи  |2 stltpush  |3 (RuTPU)RU\TPU\subj\9697  |9 36879 
610 1 |a слабые компакты 
610 1 |a некорректные задачи 
610 1 |a уравнения 
610 1 |a уравнения Гильберта Шмидта 
610 1 |a методы решения 
610 1 |a разведочная геофизика 
675 |a 519.62  |v 3 
700 1 |a Гапоненко  |b Ю. Л.  |g Юрий Лукич  |4 070 
801 0 |a RU  |b RuMRKP  |c 19950417  |g psbo 
801 1 |a RU  |b 63413507  |c 20120905 
801 2 |a RU  |b 63413507  |c 20151105  |g RCR 
942 |c BK